000 01054nam a22001937a 4500
003 JO-AjAnu
005 20250923091242.0
008 250921b jo ||||| |||| 00| 0 ara d
040 _aANU
_cJO-AjAnu
041 _hARA
100 _aالصمادي، لانا شوكت عمر
_eمعد
_966645
245 _aأثر المشاركة الوظيفية في جودة الخدمات الصحية في مستشفيات إقليم الشمال بالأردن = The Impact of Job Involvement on the Quality of Health Services at Hospitals of the Northern Region in Jordan
_c / اعداد لانا شوكت عمر الصمادي ؛ اشراف محمد عبد حسين الطائي
260 _c2025
300 _a110 ورقة
500 _aرسالة جامعية (رسالة ماجستير في ادارة الأعمال) كلية الأعمال / جامعة عجلون الوطنية ؛ 2025
650 _vالخدمات الصحية-المستشفيات-ادارة
700 _aالطائي،محمد عبدحسين
_97862
_eمشرف
942 _2lcc
_cTHS
_n0
999 _c33973
_d33973